Wszystkie pojazdy w Nid's Buses - Statystyki

Ogólne statystyki
  • Ten quiz został rozwiązany 58 razy
    43 od ostatniego zresetowania
  • Średni wynik to 9 z 57
Statystyki odpowiedzi
Obrazkowy Odpowiedź % Poprawnych
Solaris Urbino 15 II
50%
Solaris Urbino 12 III
45%
Büssing D2U
40%
Solaris Urbino 10,5 IV
30%
Konstal 105Na
25%
MAN ND313
25%
Konstal 112N
20%
Mercedes O405N2
20%
Pesa Twist 2015N
20%
Siemens Combino
20%
Škoda 16T
20%
Solaris Urbino 18 III
20%
Solaris Urbino 8,6 III
20%
AKSM 321
15%
Jelcz M121M
15%
Jelcz M181MB/3
15%
Karosa B951
15%
MAN A47
15%
MAN NL283
15%
Protram 205WrAs
15%
Škoda 40T
15%
Solaris Trollino 12 IV
15%
Solaris Trollino 15 II
15%
Solaris Trollino 18 IV
15%
Solaris Trollino 24 IV
15%
Solaris Urbino 18 IV Electric
15%
Tatra T3SUCS
15%
Tatra T5C5
15%
Trolza-5265.00 Megapolis
15%
Volvo 7000
15%
Volvo 7700 FL
15%
ZiU-10
15%
ZiU-9 EMU
15%
Autosan H10-30
10%
Düwag GT8N
10%
Ikarus 260.04
10%
Ikarus 266.25
10%
Ikarus 280.01
10%
Ikarus 280.03
10%
Ikarus 280.37
10%
Ikarus 280E
10%
Jelcz L090M
10%
Jelcz M101I/3
10%
MAN NG313
10%
MAN NG323 Lion's City
10%
Neoplan K4016TD
10%
Setra S315NF
10%
Škoda 14TrM
10%
Škoda 15TrM
10%
Škoda 27Tr III Solaris
10%
Solaris Trollino 12M III
10%
Volvo 7000A
10%
Volvo 7000AT
10%
Volvo 7700A FL
10%
ZiU-11
10%
ZiU-9
10%
ZiU-9
10%
Nie znaleziono quizów pasujących do podanych kryteriów
Rozkład punktacji
Procent ludzi z każdym wynikiem
Percentyl według liczby udzielonych odpowiedzi
Twoja historia wyników
Nie rozwiązałeś tego quizu od ostatniego zresetowania